Fr. Conceicao Rodrigues College of Engineering

Supply chain Management:Theories and practices (Record no. 30345)

MARC details
000 -LEADER
fixed length control field 00385nam a2200169Ia 4500
082 ## - DEWEY DECIMAL CLASSIFICATION NUMBER
Classification number 658.7
Item number MOH
100 ## - MAIN ENTRY--PERSONAL NAME
Personal name Mohanty/R.P/ Deshmukh/S.G
245 ## - TITLE STATEMENT
Title Supply chain Management:Theories and practices
260 ## - PUBLICATION, DISTRIBUTION, ETC.
Name of publisher, distributor, etc. Wiley
Date of publication, distribution, etc. 2005
366 ## - TRADE AVAILABILITY INFORMATION
Publishers's discount category 23
300 ## - PHYSICAL DESCRIPTION
Extent 355
546 ## - LANGUAGE NOTE
Language note ENGLISH
-- Info.Tech
650 ## - SUBJECT ADDED ENTRY--TOPICAL TERM
Topical term or geographic name entry element Supply Chain
654 ## - SUBJECT ADDED ENTRY--FACETED TOPICAL TERMS
Focus term supply chain
942 ## - ADDED ENTRY ELEMENTS (KOHA)
Koha item type BOOK
Holdings
Withdrawn status Lost status Damaged status Not for loan Collection Home library Current library Date acquired Source of acquisition Cost, normal purchase price Inventory number Total Checkouts Full call number Barcode Date last seen Cost, replacement price Price effective from Koha item type
        CRC Fr. Agnel's C.Rodrigues College of Engineering Fr. Agnel's C.Rodrigues College of Engineering 17/03/2023 Allied Publishers 253.33 2678 dt 05/02/2013   658.7 MOH 22514 17/03/2023 329.00   BOOK
        CRC Fr. Agnel's C.Rodrigues College of Engineering Fr. Agnel's C.Rodrigues College of Engineering 17/03/2023 Allied Publishers 253.33 2678 dt 05/02/2013   658.7 MOH 22515 17/03/2023 329.00   BOOK